000 00314nam a22001217a 4500
020 _a97881272488833
082 _a621.402
_bSAN/PR
100 _aSanjay kumar
_9200
245 _aPrinciples of Thermodynamics in Agricultrural Engineering
260 _aNew Delhi
_bKalyani Pub.
_c2008
300 _a408
942 _cBK
999 _c14165
_d14165